Statystyki dla Kraje Słowacji

Kliknij tutaj aby rozwiązać quiz!

Ogólne statystyki

  • Ten quiz został rozwiązany 710 razy
  • Średni wynik to 5 z 8

Odpowiedzi na mapie

Odpowiedzi skodowane kolorowo w zielono-czerwonej skali na mapie do tego quizu, zgodnie z poniższymi procentami.
 

Statystyki odpowiedzi

Kraje% Poprawnych
Bratysławski
96%
Koszycki
83%
Preszowski
58%
Żyliński
56%
Nitrzański
51%
Bańskobystrzycki
49%
Trnawski
49%
Trenczyński
37%

Rozkład punktacji

Percentyl według liczby udzielonych odpowiedzi

Procent ludzi z każdym wynikiem

Twoja historia wyników

Nie rozwiązałeś tego quizu